00381 2200157 4500245004000000020002200040250001100062100001600073650001900089005001900108260004100127041001400168084001000182300002200192336000900214 aAnakku SahabatkucAfin MurtiehText a978-602-02-1550-1 aCet. 1 aAfin Murtie aIlmu Parenting a20230116080713 aJakartabElex Media Komputindoc2013 aIndonesia a649.1 a159 hlm. :cilus. atext